| 000 | 00412nam a2200181Ia 4500 | ||
|---|---|---|---|
| 001 | 1624 | ||
| 005 | 20260306143742.0 | ||
| 008 | 260306t2008||||xx |||||||||||||| ||spa|| | ||
| 041 | _aESP | ||
| 082 |
_a153.4 _bS79 |
||
| 100 |
_aSternberg, Robert J. _eAUT |
||
| 245 | 0 | _aPsicologĂa cognoscitiva | |
| 260 | _c2008 | ||
| 300 |
_a658páginas : _c |
||
| 650 | _aGEN | ||
| 654 | _aCPS | ||
| 942 |
_cLIB _dJUS _fJUS _2ddc _n |
||
| 999 |
_c1624 _d1624 |
||